|
|
|
|
| LEADER |
00000nam a2200000 a 4500 |
| 001 |
UCV7458 |
| 003 |
CL-VaPUC |
| 005 |
20241219111359.0 |
| 008 |
920316e19800000CL |||||||||||||||||spa|d |
| 999 |
|
|
|c 213136
|d 213134
|
| 040 |
|
|
|c Pontificia Universidad Católica de Valparaíso
|
| 082 |
0 |
4 |
|a 634.562 COR 1980
|2 21
|
| 110 |
2 |
|
|a CORFO, Gerencia de Desarrollo
|e autor
|9 301586
|
| 245 |
1 |
0 |
|a Prospección de insectos y ácaros fitófagos asociados al Chirimoyo
|
| 260 |
0 |
3 |
|a Santiago, Chile
|b Corfo
|c 1980
|
| 300 |
|
|
|a 81 páginas
|
| 583 |
|
|
|a last modification
|c 20160307 02:54:53
|k Rodrigo Vera
|
| 650 |
|
0 |
|a Chirimoyo (Annona cherimola)
|9 264437
|
| 650 |
|
7 |
|a ENFERMEDADES Y PLAGAS
|2 CL-VaPUC
|9 301588
|
| 650 |
|
0 |
|a Acarina
|9 264632
|
| 710 |
2 |
|
|a Universidad Católica de Valparaíso, Facultad de Agronomía
|e autor
|9 301587
|
| 942 |
|
|
|c BK
|2 ddc
|
| 945 |
|
|
|d 19920316 00:00:00
|